LEADER 01096nam a22002655i 4500 001 991003290699707536 008 030520s2002 it 000 0 ita d 020 $a8815087745 035 $ab12405632-39ule_inst 040 $aDip.to Studi Giuridici$bita 082 0 $a342.06 100 1 $aBarbati, Carla$0149532 245 12$aL'attivitą consultiva nelle trasformazioni amministrative /$cCarla Barbati 260 $aBologna :$bIl mulino,$c2002 300 $a255 p. ;$c22 cm 440 0$aStudi e ricerche ;$v488 500 $aContiene riferimenti bibliografici 650 4$aProcedimento amministrativo 907 $a.b12405632$b02-04-14$c22-10-03 912 $a991003290699707536 945 $aLE027 342.06 BAR01.01 C.1$cC. 1$g1$i2027000291465$lle027$o-$pE19.50$q-$rl$s- $t0$u2$v4$w2$x0$y.i12820507$z23-10-03 945 $aLE027 342.06 BAR01.01 C.2$cC. 2$g1$i2027000049844$lle027$o-$pE19.50$q-$rl$s- $t0$u6$v2$w6$x0$y.i1307216x$z05-02-04 996 $aAttivitą consultiva nelle trasformazioni amministrative$9167531 997 $aUNISALENTO 998 $ale027$b22-10-03$cm$da $e-$fita$git $h2$i1